LIBRARY ONLINE CATALOGUE

African drama & theatre (Record no. 18170)

MARC details
000 -LEADER
fixed length control field 00530nam a22001697a 4500
008 - FIXED-LENGTH DATA ELEMENTS--GENERAL INFORMATION
fixed length control field 200124b xxu||||| |||| 00| 0 eng d
020 ## - INTERNATIONAL STANDARD BOOK NUMBER
International Standard Book Number 9966011765
040 ## - CATALOGING SOURCE
Original cataloging agency KABU
Transcribing agency KABU
050 ## - LIBRARY OF CONGRESS CALL NUMBER
Classification number PN2969
Item number .A3J75 2012 c. 1
245 ## - TITLE STATEMENT
Title African drama & theatre
Remainder of title a criticism
Statement of responsibility, etc. edited by Charles Kebaya and John Mugubi
260 ## - PUBLICATION, DISTRIBUTION, ETC. (IMPRINT)
Place of publication, distribution, etc. Nairobi, Kenya
Name of publisher, distributor, etc. Focus Publishers
Date of publication, distribution, etc. 2012
300 ## - PHYSICAL DESCRIPTION
Extent 171 p.
650 ## - SUBJECT ADDED ENTRY--TOPICAL TERM
Topical term or geographic name as entry element African drama
General subdivision History and criticism
700 ## - ADDED ENTRY--PERSONAL NAME
Personal name Kebaya, Charles
700 ## - ADDED ENTRY--PERSONAL NAME
Personal name Mugubi, John
942 ## - ADDED ENTRY ELEMENTS (KOHA)
Source of classification or shelving scheme Library of Congress Classification
Koha item type General Collection
Classification part PN2969
Holdings
Withdrawn status Lost status Source of classification or shelving scheme Not for loan Home library Current library Date acquired Total Checkouts Full call number Barcode Date last seen Copy number Price effective from Koha item type
    Library of Congress Classification   Kabarak, Main Campus Kabarak, Main Campus 24/01/2020   PN2969 .A3J75 2012 c. 1 017407 24/01/2020 c. 1 24/01/2020 General Collection